| 000 | 01731cam a2200253 4500 | ||
|---|---|---|---|
| 001 | ABS65302 | ||
| 008 | 020426n2002 000 0 eng u | ||
| 035 | _a(Sirsi) u117708 | ||
| 100 | _aBrewer, G | ||
| 245 | _aGeoff Brewer of Brewer Consulting considers an architect's duty to inspection | ||
| 260 | _c2002 | ||
| 490 |
_aContract Journal _v413(6372) 10 April 2002, 22(1) |
||
| 520 | _aConsiders the extent to which an architect has a duty to inspect or supervise a contractor's work. Reviews the recent case "Consarc Design v Hutch Investments" (2002) in which Hutch contended that a floor slab was not properly scarified before the screed was laid. Hutch held architects Consarc responsible for failing to inspect the floor slab, and relied on the Royal Institute of British Architects (RIBA) Standard Form of Agreement 1992 Stage K08 which specifies that the architect should at intervals inspect the progress of construction works. The judge found this to be a vague statement and took the view that inspection is not as important as supervision and that the level of supervision required of by an architect depends on his confidence in the contractor. In addition, an architect's duty to inspect the works does not amount to a warranty that the works will be carried out without defects. On this basis, Consarc was not held liable for negligence. Case law. | ||
| 590 | _aABS | ||
| 650 | _aDUTY OF INSPECTION | ||
| 650 | _aSUPERVISION | ||
| 650 | _aARCHITECTS | ||
| 650 | _aDUTY OF INSPECTION | ||
| 650 | _aCORFIELD V GRANT | ||
| 650 | _aEAST HAM CORPORATION V BERNARD SUNLEY & SONS | ||
| 650 | _aSUTCLIFFE V CHIPPENDALE & EDMONDSON | ||
| 690 | _aBUILT ENVIRONMENT-BUILDING CONTRACT FORMS | ||
| 942 | _n0 | ||
| 999 |
_c70092 _d70092 |
||